Baked Muffins with Dates Scene 2 pt 1 Quiz Stats

 Plays Quiz not verified by Sporcle

Also try: 30 in 90: Slogans
Challenge
Share
Tweet
Embed
Score 0/20 Timer 20:00
0 Plays Today
% Correct
???
100%
???
100%
???
100%
???
100%
???
75%
???
75%
???
75%
???
75%
???
75%
???
75%
% Correct
???
75%
???
75%
???
75%
???
75%
???
75%
???
75%
???
75%
???
75%
???
62.5%
???
62.5%

You're not logged in!

Compare scores with friends on all Sporcle quizzes.
Join for Free
OR
Log In

You Might Also Like...

Show Comments

Extras

Created Jul 7, 2015ReportNominate
Tags:Clickable Quiz, baked, date, muffin, scene

Top Quizzes Today


Score Distribution

Your Account Isn't Verified!

In order to create a playlist on Sporcle, you need to verify the email address you used during registration. Go to your Sporcle Settings to finish the process.

Report this User

Report this user for behavior that violates our Community Guidelines.

Details: